Ultimate learning guide to nursing review/ (Record no. 8013)

MARC details
000 -LEADER
fixed length control field 00693nam a22002177a 4500
003 - CONTROL NUMBER IDENTIFIER
control field OSt
005 - DATE AND TIME OF LATEST TRANSACTION
control field 20260130014854.0
008 - FIXED-LENGTH DATA ELEMENTS--GENERAL INFORMATION
fixed length control field 260130b |||||||| |||| 00| 0 eng d
020 ## - INTERNATIONAL STANDARD BOOK NUMBER
International Standard Book Number 971-93149-0-7.
040 ## - CATALOGING SOURCE
Original cataloging agency DWC-Main Lib.
Transcribing agency OC
082 ## - DEWEY DECIMAL CLASSIFICATION NUMBER
Edition number 2005 ed.
Classification number Circ. 610.73 B186 2004
100 ## - MAIN ENTRY--PERSONAL NAME
Personal name Balita, Carlito E.
245 ## - TITLE STATEMENT
Title Ultimate learning guide to nursing review/
Statement of responsibility, etc. Carlito E. Balita,
260 ## - PUBLICATION, DISTRIBUTION, ETC.
Place of publication, distribution, etc. Quezon City :
Name of publisher, distributor, etc. St. Louis Review Center,
Date of publication, distribution, etc. c2004.
300 ## - PHYSICAL DESCRIPTION
Extent 428 p. :
Other physical details illustration. ;
Dimensions 15 cm.
650 ## - SUBJECT ADDED ENTRY--TOPICAL TERM
Topical term or geographic name entry element 1. Nursing-Reviewer.
700 ## - ADDED ENTRY--PERSONAL NAME
Personal name Nathanielz, Remigia
700 ## - ADDED ENTRY--PERSONAL NAME
Personal name Irigo Barcelo, Teresita R.
760 ## - MAIN SERIES ENTRY
Edition 2005 ed.
942 ## - ADDED ENTRY ELEMENTS (KOHA)
Source of classification or shelving scheme Dewey Decimal Classification
Koha item type Book Circulation
Edition 2005 ed.
Classification part Circ.
Suppress in OPAC No
952 ## - LOCATION AND ITEM INFORMATION (KOHA)
--
Holdings
Withdrawn status Lost status Source of classification or shelving scheme Damaged status Not for loan Home library Current library Shelving location Date acquired Source of acquisition Cost, normal purchase price Total Checkouts Barcode Date last seen Copy number Price effective from Koha item type Uniform Resource Identifier
    Dewey Decimal Classification     HM & Nursing Library HM & Nursing Library Circulation 03/16/2007 School Fund 400.00   HMN44414 01/30/2026 c1 01/30/2026 BK-CIRC